| 000 | 00443 a2200169 4500 | ||
|---|---|---|---|
| 003 | Nust | ||
| 005 | 20170207171611.0 | ||
| 040 | _cNust | ||
| 082 | _a005.1 | ||
| 100 | _aFaiz, Bin Hassan BESE-17 | ||
| 245 |
_aNUST BOOK _cHassan Bin Faiz, Waqar Ahmed, Zubair Majeed, Abdul Moueed |
||
| 260 |
_aRawalpindi _bMCS _cJune 2015 |
||
| 300 | _av, 72 p | ||
| 538 | _aAlmirah No 72 Shelf No 6 | ||
| 650 | _aUG Projects | ||
| 651 | _aUG CS Projects | ||
| 942 |
_2ddc _cBK |
||
| 999 |
_c217723 _d217723 |
||